| Registos Bibliográficos associados ao registo de autoridade |
|
Etiqueta de registo: 00254nam 2200025 450 001 2286651 003 http://id.bnportugal.gov.pt/bib/catbnp/2286651 010 ## $a978-989-54854-4-4 021 ## $aPT$b509455/22 100 ## $a20260521d2022 m y0pory01030103ba 101 0# $apor 102 ## $aPT 105 ## $aa z 000gy 106 ## $ar 200 1# $a "A partida"$eX antologia, letras da Lagoa de Óbidos$fcompositora Miká Penha$gpref. João Paulo Bernardinho 205 ## $a1ª ed 210 #9 $a[S.l.]$cMP Edições - Miká Penha,$d2022 215 ## $a188 p.$cil.$d21 cm 675 ## $a821.134.3-1"20"$vBN$zpor$31023893 700 #1 $aPenha,$bMaria Clara da Silva,$f1961-$31603356 702 #1 $aBernardinho,$bJoão Paulo$4080$31998974 801 #0 $aPT$bBN$gRPC 856 41 $uhttp://rnod.bnportugal.gov.pt/ImagesBN/winlibimg.aspx?skey=&doc=2286651&img=223577&save=true 966 ## $lBN$mFGMON$sL. 182186 V.$x1 966 ## $lBN$mFGMON$sL. 182186 V.-D$x1 971 ## $cabrito$d20260521 973 ## $caalmeid$d20260618
|
|
|